000 02043nam0a2200349 i 4500
001 RU\NLR\bibl\1892149
005 20260408065454.0
010 _a9785790411151
_975
021 _aRU
_b2012-22287
_91674
035 _a(nilc)RSL-KNO-005419251
035 _a(NLR Aleph) 001881830
090 _a2801377
_c2801377
100 _a20120409d2011 u y0rusy50 ca
101 0 _arus
102 _aRU
105 _ay |||||||||
200 1 _aБудущее в руках молодежи
_eтезисы докладов III городской молодежной научно-практической конференции, (март 2011 г.)
_f[отв. ред.: Л. А. Хворова, Г. А. Овчаров]
210 _aБарнаул
_cИзд-во Алтайского государственного университета
_d2011
215 _a56, [1] с.
_cтабл.
_d20
300 _aВ надзаг.: М-во образования и науки РФ, ГОУ ВПО "Алтайский гос. ун-т", Фил. Алтайского гос. ун-та в г. Камень-на-Оби
320 _aБиблиогр. в конце докл.
606 1 _aОбразовательные учреждения
_jСъезды, совещания и т.п.
_xНаучно-исследовательская работа учащихся
_yКамень-на-Оби, город (Алтайский край)
_92616501
_3RU\NLR\auth\661553061
686 _aЧ421,6(2)268я431(2)
_2rubbk
686 _aЧ312.68я431
702 1 _aХворова
_bЛ. А.
_gЛюбовь Анатольевна
_4340
711 1 2 _a"Будущее в руках молодежи", городская молодежная научно-практическая конференция
_d3
_eКамень-на-Оби
_f2011
_9309688
_3RU\NLR\AUTH\8810211244
801 0 _aRU
_bRuMoRKP
_c20120409
_grcr
801 1 _aRU
_bРГБ
_c20120409
801 2 _aRU
_bNLR
_c20120413
_grcr
942 _cBOOK
980 _aNBR